[Event "NAYCC U18"]
[Site "Kingston CAN"]
[Date "2025.08.18"]
[Round "1.5"]
[White "Paragua, Megan Althea"]
[Black "Schaefer, Sasha Milo"]
[Result "0-1"]
[WhiteElo "2300"]
[BlackElo "2023"]
[WhiteFideId "-1"]
[WhiteFideId "-1"]
[PlyCount "116"]
[GameId "2214864565768498"]
[EventDate "2025.08.18"]
[EventType "swiss"]
[EventRounds "9"]
[EventCountry "CAN"]

1. e4 c6 2. d4 d5 3. exd5 cxd5 4. Bd3 Nc6 5. Ne2 Nf6 6. Bf4 g6 7. c4 Bg7 8. Nbc3 a6 9. Bg5 dxc4 10. Bxc4 b5 11. Bb3 Na5 12. Bxf6 Bxf6 13. Bd5 Bb7 14. Bxb7 Nxb7 15. a4 b4 16. Ne4 Qd5 17. Nxf6+ exf6 18. Nf4 Qd6 19. Qf3 O-O-O 20. Ne2 Rhe8 21. O-O Qd5 22. Qd3 Nc5 23. Rac1 Kb7 24. Qg3 Nxa4 25. Rc7+ Ka8 26. Qd3 Rd6 27. Ra1 Qb5 28. Qxb5 axb5 29. Kf1 Kb8 30. Rc2 b3 31. Rd2 Rc6 32. Nc1 Rc2 33. Nxb3 Rec8 34. Ke2 Rxb2 35. Rxb2 Nxb2 36. Nc5 Re8+ 37. Kf3 Nc4 38. g3 f5 39. h4 Rd8 40. Nb3 Kb7 41. Ke2 Kb6 42. Kd3 Ne5+ 43. Kc3 Nc6 44. Re1 Kc7 45. Re2 Kd6 46. Rb2 Ra8 47. Rd2 Kd5 48. f3 Ra3 49. Kb2 Ra4 50. Rf2 Rc4 51. Rd2 Nxd4 52. Nxd4 Rxd4 53. Re2 Rd3 54. Re7 Rxf3 55. Rxf7 h5 56. g4 fxg4 57. Rb7 Kc6 58. Rg7 Rf6 0-1

[Event "NAYCC U18"]
[Site "Kingston CAN"]
[Date "2025.08.18"]
[Round "1.6"]
[White "Joseph, Jonath"]
[Black "Das, Aditeya"]
[Result "0-1"]
[WhiteElo "1938"]
[BlackElo "2259"]
[WhiteFideId "-1"]
[WhiteFideId "-1"]
[PlyCount "162"]
[GameId "2214873356992891"]
[EventDate "2025.08.18"]
[EventType "swiss"]
[EventRounds "9"]
[EventCountry "CAN"]

1. Nf3 d5 2. b3 Nf6 3. Bb2 Bg4 4. e3 e6 5. Be2 Be7 6. O-O O-O 7. d3 c5 8. Nbd2 Nc6 9. Ne5 Bxe2 10. Qxe2 Nxe5 11. Bxe5 Nd7 12. Bb2 Bf6 13. Bxf6 Qxf6 14. c4 Rad8 15. cxd5 exd5 16. Nf3 Rfe8 17. Rad1 b5 18. Rfe1 a5 19. Qd2 Qa6 20. e4 d4 21. Rb1 h6 22. Rec1 Rc8 23. h3 Nf6 24. Rc2 Nd7 25. Rbc1 Ra8 26. Nh4 Qe6 27. Nf5 b4 28. Qf4 Ra6 29. Qg4 g6 30. Nxh6+ Kg7 31. Nf5+ Kf8 32. Ng3 Qxg4 33. hxg4 a4 34. f4 axb3 35. axb3 Ra3 36. Rb1 Rea8 37. e5 Ra1 38. Rcc1 Rxb1 39. Rxb1 g5 40. Ne4 gxf4 41. Rc1 Nxe5 42. Nxc5 Ra2 43. Re1 Nxg4 44. Rf1 Ne3 45. Rxf4 Rxg2+ 46. Kh1 Rg4 47. Ne6+ Ke7 48. Rxg4 Nxg4 49. Nxd4 Nf2+ 50. Kg2 Nxd3 51. Kf3 Kd6 52. Ke3 Ne5 53. Nc2 Nc6 54. Ke4 Ke6 55. Ne3 f6 56. Nc2 f5+ 57. Kf4 Kf6 58. Ne3 Ne7 59. Nc2 Nd5+ 60. Kg3 Ke5 61. Kf3 f4 62. Ke2 Ke4 63. Ne1 Nc3+ 64. Kf2 Na2 65. Nc2 Kd3 66. Ne1+ Kc3 67. Kf3 Nc1 68. Ke4 Kxb3 69. Nf3 Ne2 70. Kd3 Ng3 71. Nd2+ Ka3 72. Kc4 Nf5 73. Nb1+ Ka4 74. Nd2 Nh4 75. Kd3 f3 76. Ke3 b3 77. Kf2 b2 78. Kg3 Kb4 79. Kf2 Kc3 80. Nb1+ Kc2 81. Na3+ Kc1 0-1

[Event "NAYCC U18"]
[Site "Kingston CAN"]
[Date "2025.08.18"]
[Round "1.7"]
[White "Cherukuri, Nitesh"]
[Black "Tang, Vincent"]
[Result "1-0"]
[WhiteElo "2252"]
[BlackElo "1937"]
[WhiteFideId "-1"]
[WhiteFideId "-1"]
[PlyCount "113"]
[GameId "2214877539017094"]
[EventDate "2025.08.18"]
[EventType "swiss"]
[EventRounds "9"]
[EventCountry "CAN"]

1. e4 c6 2. d4 d5 3. e5 c5 4. dxc5 e6 5. c3 Nd7 6. Nf3 a5 7. c4 dxc4 8. Bxc4 Bxc5 9. Nc3 Ne7 10. O-O O-O 11. Qe2 Ng6 12. Re1 b6 13. Bg5 Be7 14. Bxe7 Qxe7 15. Bd3 Rd8 16. Rad1 Bb7 17. Be4 Bxe4 18. Qxe4 Nc5 19. Qc6 Qb7 20. Qxb7 Nxb7 21. Ne4 Rac8 22. g3 Kf8 23. Rxd8+ Nxd8 24. Re3 Ne7 25. Rb3 Nd5 26. Nc3 Nxc3 27. bxc3 a4 28. Rxb6 Rxc3 29. Nd4 Ra3 30. Rb2 f6 31. exf6 gxf6 32. Nb5 Rd3 33. Rb4 a3 34. Ra4 Nc6 35. Nxa3 Nd4 36. Nc4 Kf7 37. Kg2 e5 38. Ra8 Rc3 39. Nd6+ Ke6 40. Ne4 Rc6 41. a4 Kd5 42. Nd2 Rc2 43. Rd8+ Ke6 44. Ne4 Nf5 45. a5 Ra2 46. a6 Rxa6 47. Nc3 Ke7 48. Rh8 Ra2 49. Rxh7+ Ke8 50. Ne4 Ne3+ 51. Kf3 Nd5 52. h4 Kf8 53. Rd7 f5 54. Rxd5 Ra3+ 55. Kg2 fxe4 56. Rxe5 Ra2 57. h5 1-0

[Event "NAYCC U18"]
[Site "Kingston CAN"]
[Date "2025.08.18"]
[Round "1.8"]
[White "Berube, Maximilien"]
[Black "Mou, Iris"]
[Result "1-0"]
[WhiteElo "1928"]
[BlackElo "2240"]
[WhiteFideId "-1"]
[WhiteFideId "-1"]
[PlyCount "99"]
[GameId "2218335745153613"]
[EventDate "2025.08.18"]
[EventType "swiss"]
[EventRounds "9"]
[EventCountry "CAN"]

1. e4 c6 2. Nc3 d5 3. Qf3 dxe4 4. Nxe4 Nf6 5. Bc4 Nbd7 6. Bb3 e6 7. d4 Nxe4 8. Qxe4 Nf6 9. Qd3 Bd6 10. Nf3 h6 11. O-O Qc7 12. Re1 O-O 13. c3 Rd8 14. Qe2 b6 15. Ne5 c5 16. Bf4 cxd4 17. cxd4 Bb7 18. Bg3 Ne4 19. Rac1 Qb8 20. Qh5 Rf8 21. Nd7 Qd8 22. Bxd6 Qxd7 23. Bxf8 Qxd4 24. Qe2 Rxf8 25. Rc4 Qf6 26. Rxe4 Bxe4 27. Qxe4 Qxb2 28. Qc2 Qd4 29. Rd1 Qe5 30. g3 b5 31. Qc6 a5 32. Qd6 Qf5 33. Qd3 Qc5 34. Qe3 Qf5 35. Rc1 Qf6 36. Qc3 Qd8 37. Qc7 Qd2 38. Qc3 Qd8 39. Bd1 b4 40. Qc7 Qd2 41. Qc2 Qd5 42. Qc4 Qd2 43. Bb3 Qd7 44. Qc7 Qd2 45. Rd1 Qg5 46. h4 Qf5 47. Rc1 Ra8 48. Qc8+ Rxc8 49. Rxc8+ Kh7 50. Bc2 1-0

[Event "NAYCC U18"]
[Site "Kingston CAN"]
[Date "2025.08.18"]
[Round "1.9"]
[White "Moses, Neil"]
[Black "Ramesan, Raunak Amit"]
[Result "1-0"]
[WhiteElo "2234"]
[BlackElo "1915"]
[WhiteFideId "-1"]
[WhiteFideId "-1"]
[PlyCount "85"]
[GameId "2215066471665827"]
[EventDate "2025.08.18"]
[EventType "swiss"]
[EventRounds "9"]
[EventCountry "CAN"]

1. Nf3 d5 2. e3 Nf6 3. c4 e6 4. Nc3 c5 5. cxd5 exd5 6. d4 Nc6 7. Be2 Bd6 8. dxc5 Bxc5 9. O-O O-O 10. b3 Bb6 11. Na4 Bc7 12. Bb2 Ne4 13. Rc1 Qd6 14. Nc3 Nxc3 15. Bxc3 Bg4 16. g3 Bb6 17. Qd2 Rad8 18. Rfd1 Rfe8 19. Nd4 Bxe2 20. Qxe2 Nxd4 21. Bxd4 Re4 22. Bxb6 Qxb6 23. Qf3 Qa5 24. Rc2 Re7 25. Qxd5 Qxd5 26. Rxd5 Rde8 27. Kf1 g6 28. Ke2 h5 29. h4 a6 30. Kd3 Kg7 31. Rc4 Re6 32. a4 R8e7 33. e4 Rb6 34. b4 Rbe6 35. f4 Rb6 36. a5 Rbe6 37. e5 f6 38. Ke4 Kf7 39. Rc8 Kg7 40. Rcd8 Rc6 41. R8d7 Kf7 42. Rxe7+ Kxe7 43. Rc5 1-0

[Event "NAYCC U18"]
[Site "Kingston CAN"]
[Date "2025.08.18"]
[Round "1.10"]
[White "Liu, Sean"]
[Black "Guillemette, Hugo"]
[Result "0-1"]
[WhiteElo "1823"]
[BlackElo "2193"]
[WhiteFideId "-1"]
[WhiteFideId "-1"]
[PlyCount "116"]
[GameId "2215069396213931"]
[EventDate "2025.08.18"]
[EventType "swiss"]
[EventRounds "9"]
[EventCountry "CAN"]

1. e4 c5 2. Nf3 e6 3. d4 cxd4 4. Nxd4 Nc6 5. Nc3 Qc7 6. Be3 a6 7. Qd2 Nf6 8. O-O-O Bb4 9. f3 Ne5 10. Nb3 b5 11. Kb1 Be7 12. Qf2 Bb7 13. Bb6 Qc8 14. Bd4 Nc6 15. Be3 Qc7 16. g4 d6 17. Be2 Ne5 18. h4 Nfd7 19. f4 Nc4 20. Bf3 Nxe3 21. Qxe3 Rc8 22. Rd2 Nb6 23. Be2 b4 24. Nd1 Nc4 25. Bxc4 Qxc4 26. Nf2 Qc7 27. g5 d5 28. exd5 Bxd5 29. Re1 O-O 30. Nd3 a5 31. h5 a4 32. Nbc1 b3 33. cxb3 axb3 34. Nxb3 Bxb3 35. axb3 Ra8 36. Rc2 Qa5 37. Kc1 Rfd8 38. Rc3 Qf5 39. Qe4 Qg4 40. h6 Ra1+ 41. Kc2 Rxe1 42. Qxe1 gxh6 43. gxh6 Bf6 44. Rc4 Qg6 45. Qe2 Qxh6 46. b4 Qg6 47. Rc5 Be7 48. f5 Qf6 49. Re5 Bd6 50. fxe6 Bxe5 51. exf7+ Qxf7 52. Nxe5 Qf5+ 53. Kc3 Re8 54. Kd4 Qf4+ 55. Kd5 Rd8+ 56. Kc5 Qd4+ 57. Kb5 Rb8+ 58. Ka4 Qxb4# 0-1

[Event "NAYCC U18"]
[Site "Kingston CAN"]
[Date "2025.08.18"]
[Round "1.11"]
[White "Vemparala, Nikash"]
[Black "Blomer, John"]
[Result "1-0"]
[WhiteElo "2176"]
[BlackElo "1775"]
[WhiteFideId "-1"]
[WhiteFideId "-1"]
[PlyCount "119"]
[GameId "2215071198290099"]
[EventDate "2025.08.18"]
[EventType "swiss"]
[EventRounds "9"]
[EventCountry "CAN"]

1. c4 Nf6 2. g3 e6 3. Bg2 d5 4. Nf3 c6 5. b3 Be7 6. Bb2 O-O 7. O-O Nbd7 8. Qc2 b6 9. d3 c5 10. e4 Bb7 11. e5 Ne8 12. Re1 d4 13. Nbd2 Qc7 14. Rab1 g6 15. b4 Ng7 16. bxc5 bxc5 17. Ba3 Bc6 18. Ne4 Qa5 19. Qc1 Rfe8 20. Ned2 Rac8 21. Nb3 Qc7 22. Qf4 Nh5 23. Qd2 Ng7 24. Qe2 a5 25. Nbd2 Rb8 26. Rxb8 Nxb8 27. h3 Na6 28. Ne4 Nb4 29. Qd2 Qb7 30. g4 Bxe4 31. Rxe4 Qd7 32. Bc1 Qa4 33. a3 Nc6 34. Re2 Rb8 35. Ne1 Nd8 36. Qc2 Qxc2 37. Rxc2 Rb1 38. Kf1 a4 39. Bb2 Bg5 40. Ke2 Bf4 41. Nf3 h5 42. Nd2 Rg1 43. Bf1 Bxd2 44. Rxd2 hxg4 45. hxg4 Rxg4 46. Bc1 Nc6 47. Rb2 Nxe5 48. Rb8+ Kh7 49. f4 Nd7 50. Rb7 Nf6 51. Rxf7 Nfh5 52. Kf3 Rg3+ 53. Kf2 Kg8 54. Rc7 Nf5 55. Rxc5 Ne3 56. Rxh5 gxh5 57. Kxg3 Nxf1+ 58. Kg2 Ne3+ 59. Bxe3 dxe3 60. Kf3 1-0

[Event "NAYCC U18"]
[Site "Kingston CAN"]
[Date "2025.08.18"]
[Round "1.12"]
[White "Zhuang, Ryan"]
[Black "Kot, Emanuel"]
[Result "0-1"]
[WhiteElo "1706"]
[BlackElo "2166"]
[WhiteFideId "-1"]
[WhiteFideId "-1"]
[PlyCount "102"]
[GameId "2215073135100091"]
[EventDate "2025.08.18"]
[EventType "swiss"]
[EventRounds "9"]
[EventCountry "CAN"]

1. e4 c5 2. Nc3 Nc6 3. f4 g6 4. Nf3 Bg7 5. Bc4 e6 6. O-O Nge7 7. d3 O-O 8. Qe1 Nd4 9. Qh4 d5 10. Bb3 Nxb3 11. axb3 Nc6 12. Qh3 Nd4 13. Ne1 b5 14. e5 f6 15. exf6 Bxf6 16. Qe3 Nxb3 17. Qe2 Nxa1 18. Nxb5 Qb6 19. c4 Nb3 20. Nf3 a6 21. Nc3 Nd4 22. Qf2 Bb7 23. Re1 dxc4 24. Nxd4 cxd4 25. dxc4 Qc7 26. Ne4 Bxe4 27. Rxe4 Qxc4 28. Bd2 Rab8 29. b4 Qd5 30. Qe1 Rfe8 31. h3 Rbc8 32. Kh1 Rc2 33. Re2 d3 34. Rf2 Bh4 35. Qf1 Bxf2 36. Qxf2 Qa2 37. f5 Rxd2 38. Qf3 Qa1+ 39. Kh2 Qe5+ 40. Kg1 exf5 41. b5 Qd4+ 42. Kh2 Qd6+ 43. Qg3 Rxg2+ 44. Kxg2 Re2+ 45. Qf2 Rxf2+ 46. Kxf2 d2 47. bxa6 d1=R 48. a7 Qf4+ 49. Kg2 Rd2+ 50. Kg1 Qh2+ 51. Kf1 Qh1# 0-1

[Event "NAYCC U18"]
[Site "Kingston CAN"]
[Date "2025.08.18"]
[Round "1.13"]
[White "Patel, Maahir M"]
[Black "Samanta, Neelansh"]
[Result "1-0"]
[WhiteElo "2114"]
[BlackElo "1698"]
[WhiteFideId "-1"]
[WhiteFideId "-1"]
[PlyCount "57"]
[GameId "2215074802958531"]
[EventDate "2025.08.18"]
[EventType "swiss"]
[EventRounds "9"]
[EventCountry "CAN"]

1. e4 c5 2. Nf3 a6 3. g3 b5 4. d4 cxd4 5. Nxd4 Bb7 6. Bg2 Nf6 7. Nd2 Qc7 8. O-O e6 9. Re1 d6 10. a4 b4 11. N2b3 Nc6 12. Bd2 Nxd4 13. Nxd4 Qc4 14. c3 Rc8 15. Rc1 Nd7 16. Bf1 Qa2 17. Qc2 b3 18. Nxb3 Qxa4 19. Ra1 Qc6 20. Na5 Qc7 21. Nxb7 Qxb7 22. Bxa6 Qc6 23. Bxc8 Qxc8 24. Ra7 Be7 25. Qa4 Bd8 26. Ra1 h5 27. Ra3 h4 28. Rb3 hxg3 29. hxg3 1-0

[Event "NAYCC U18"]
[Site "Kingston CAN"]
[Date "2025.08.18"]
[Round "1.14"]
[White "Valavan, Aaryan"]
[Black "Malakar, Saarthak"]
[Result "0-1"]
[WhiteElo "1659"]
[BlackElo "2083"]
[WhiteFideId "-1"]
[WhiteFideId "-1"]
[PlyCount "88"]
[GameId "2215075999551691"]
[EventDate "2025.08.18"]
[EventType "swiss"]
[EventRounds "9"]
[EventCountry "CAN"]

1. e4 c6 2. d4 d5 3. Nd2 dxe4 4. Nxe4 Nf6 5. Nxf6+ exf6 6. c3 Bd6 7. Bd3 O-O 8. Qc2 Re8+ 9. Ne2 h5 10. Be3 Nd7 11. O-O-O Nf8 12. c4 Be6 13. Nc3 Rc8 14. h3 Bb4 15. a3 Bxc3 16. Qxc3 b5 17. b3 bxc4 18. Bxc4 Ng6 19. Bxe6 Rxe6 20. Qc5 Ne7 21. Qxh5 Nd5 22. Rd3 Qe7 23. Kb2 Nxe3 24. fxe3 Rxe3 25. Rhd1 Rd8 26. Qa5 Re2+ 27. R1d2 Rd5 28. Rxe2 Qxe2+ 29. Qd2 Qe4 30. b4 f5 31. Kc3 f4 32. Qf2 a5 33. g3 fxg3 34. Qxg3 Qh1 35. Qb8+ Kh7 36. Qf4 Qa1+ 37. Kb3 Qb1+ 38. Kc3 Qe1+ 39. Kb3 Rb5 40. Qd6 Qb1+ 41. Kc3 Qc1+ 42. Kb3 a4+ 43. Kxa4 Qc4 44. Rf3 Ra5+ 0-1

[Event "NAYCC U18"]
[Site "Kingston CAN"]
[Date "2025.08.18"]
[Round "2.1"]
[White "Malakar, Saarthak"]
[Black "Park, Evan"]
[Result "0-1"]
[WhiteElo "2083"]
[BlackElo "2412"]
[WhiteFideId "-1"]
[WhiteFideId "-1"]
[PlyCount "164"]
[GameId "2215224742723042"]
[EventDate "2025.08.18"]
[EventType "swiss"]
[EventRounds "9"]
[EventCountry "CAN"]

1. d4 Nf6 2. Nf3 d5 3. g3 Bf5 4. Bg2 e6 5. c4 c6 6. Nc3 h6 7. O-O Nbd7 8. b3 Bb4 9. Bb2 O-O 10. Nd2 Qa5 11. Qc1 Be7 12. e4 dxe4 13. Ndxe4 Rad8 14. h3 Nxe4 15. Nxe4 Nf6 16. Nd2 Qb6 17. Nf3 a5 18. Rd1 a4 19. Ba3 axb3 20. axb3 Bxa3 21. Qxa3 Be4 22. Qb2 Ra8 23. Ne5 Bxg2 24. Kxg2 Rfd8 25. Rxa8 Rxa8 26. Rd3 Qa5 27. Qe2 Rd8 28. h4 Nd7 29. Nf3 Qf5 30. Rd2 Nf6 31. Ra2 g5 32. Qe5 g4 33. Nh2 h5 34. f3 gxf3+ 35. Nxf3 Qxe5 36. dxe5 Ng4 37. Ra7 Rd7 38. Ra8+ Kg7 39. Rb8 Kh7 40. Rf8 Nh6 41. Ng5+ Kg6 42. Ne4 Kf5 43. Rh8 Kxe5 44. Rxh6 Kxe4 45. Rxh5 e5 46. Rg5 f5 47. h5 Rh7 48. Kf2 f4 49. gxf4 Kxf4 50. Rg8 Rxh5 51. Rg7 Rh2+ 52. Kf1 e4 53. Rxb7 Rb2 54. b4 Kf3 55. Rf7+ Ke3 56. Rf6 Rxb4 57. Rxc6 Rb1+ 58. Kg2 Rb2+ 59. Kf1 Rf2+ 60. Ke1 Rc2 61. Kd1 Rd2+ 62. Ke1 Ra2 63. Kd1 Rd2+ 64. Ke1 Rg2 65. Kf1 Rg5 66. c5 Rd5 67. Ke1 Rh5 68. Kf1 Rf5+ 69. Ke1 Kf3 70. Rc8 Rh5 71. c6 Rh1+ 72. Kd2 e3+ 73. Kd3 Rd1+ 74. Kc2 e2 75. Rf8+ Kg3 76. Rg8+ Kf4 77. Rf8+ Kg5 78. Rg8+ Kf6 79. c7 Rc1+ 80. Kxc1 e1=Q+ 81. Kc2 Qe4+ 82. Kb2 Qb4+ 0-1

[Event "NAYCC U18"]
[Site "Kingston CAN"]
[Date "2025.08.18"]
[Round "2.2"]
[White "Das, Aditeya"]
[Black "Patel, Maahir M"]
[Result "1-0"]
[WhiteElo "2259"]
[BlackElo "2114"]
[WhiteFideId "-1"]
[WhiteFideId "-1"]
[PlyCount "61"]
[GameId "2215224794615313"]
[EventDate "2025.08.18"]
[EventType "swiss"]
[EventRounds "9"]
[EventCountry "CAN"]

1. d4 Nf6 2. c4 e6 3. Nf3 d5 4. g3 Be7 5. Bg2 O-O 6. O-O dxc4 7. Qc2 b5 8. a4 b4 9. Ne5 Qxd4 10. Bxa8 Qxe5 11. Bg2 Ba6 12. Bf4 Qa5 13. Nd2 b3 14. Qc1 Qb4 15. Bxc7 Nbd7 16. Bf4 Nd5 17. Ne4 Nxf4 18. Qxf4 Nb6 19. Nc3 Qa5 20. Qc7 Bf6 21. Qxa7 Nd5 22. Bxd5 exd5 23. e3 Rd8 24. Rad1 Kf8 25. Nxd5 Rxd5 26. Qa8+ Rd8 27. Rxd8+ Bxd8 28. Rd1 Ke7 29. Qc6 Kf8 30. Qd6+ Ke8 31. Qd7+ 1-0

[Event "NAYCC U18"]
[Site "Kingston CAN"]
[Date "2025.08.18"]
[Round "2.2"]
[White "Mou, Iris"]
[Black "Liu, Sean"]
[Result "1-0"]
[WhiteElo "2240"]
[BlackElo "1823"]
[WhiteFideId "-1"]
[WhiteFideId "-1"]
[PlyCount "57"]
[GameId "2215440402355392"]
[EventDate "2025.08.18"]
[EventType "swiss"]
[EventRounds "9"]
[EventCountry "CAN"]

1. e4 c5 2. Nf3 e6 3. c3 d5 4. exd5 exd5 5. d4 Nc6 6. Be2 c4 7. O-O Bd6 8. b3 cxb3 9. axb3 Nge7 10. c4 O-O 11. Nc3 dxc4 12. bxc4 b6 13. Nb5 Bb7 14. Nxd6 Qxd6 15. Ba3 Qf6 16. d5 Rfd8 17. Bd3 Nb8 18. Qc2 Ng6 19. Bb2 Qd6 20. Nd4 Bc8 21. Nb5 Qd7 22. Qc3 f6 23. Bxg6 hxg6 24. Qg3 Na6 25. Qxg6 Rf8 26. Qg3 Bb7 27. Ba3 Nc5 28. Bxc5 bxc5 29. Nc7 1-0

[Event "NAYCC U18"]
[Site "Kingston CAN"]
[Date "2025.08.18"]
[Round "2.3"]
[White "Lin, Leo"]
[Black "Cherukuri, Nitesh"]
[Result "0-1"]
[WhiteElo "2059"]
[BlackElo "2252"]
[WhiteFideId "-1"]
[WhiteFideId "-1"]
[PlyCount "68"]
[GameId "2215228343209497"]
[EventDate "2025.08.18"]
[EventType "swiss"]
[EventRounds "9"]
[EventCountry "CAN"]

1. e4 c5 2. Nc3 Nc6 3. Bb5 Nd4 4. Bc4 a6 5. Nge2 b5 6. Bd5 Rb8 7. Nxd4 cxd4 8. Ne2 Nf6 9. Bb3 Nxe4 10. Nxd4 e6 11. c3 Bb7 12. O-O Bd6 13. Nf3 Qc7 14. d4 O-O 15. h3 f5 16. Qe2 Kh8 17. Be3 Qd8 18. Rad1 Qf6 19. d5 Rbe8 20. Rfe1 h6 21. dxe6 dxe6 22. a4 b4 23. Rxd6 Nxd6 24. Bc5 Bxf3 25. Qxf3 e5 26. Rd1 Rd8 27. cxb4 Rfe8 28. Rxd6 Rxd6 29. Bxd6 Qxd6 30. Qxf5 Qxb4 31. Bc2 e4 32. f3 Qd4+ 33. Kh1 Qxb2 34. Qf7 Rc8 0-1

[Event "NAYCC U18"]
[Site "Kingston CAN"]
[Date "2025.08.18"]
[Round "2.4"]
[White "Schaefer, Sasha Milo"]
[Black "Moses, Neil"]
[Result "1-0"]
[WhiteElo "2023"]
[BlackElo "2234"]
[WhiteFideId "-1"]
[WhiteFideId "-1"]
[PlyCount "125"]
[GameId "2215229837348385"]
[EventDate "2025.08.18"]
[EventType "swiss"]
[EventRounds "9"]
[EventCountry "CAN"]

1. e4 c5 2. Nf3 e6 3. c3 Nf6 4. e5 Nd5 5. g3 Be7 6. Bg2 O-O 7. O-O Nc6 8. Re1 d6 9. exd6 Qxd6 10. Na3 Bf6 11. d4 cxd4 12. Nb5 Qc5 13. Nbxd4 Nxd4 14. Nxd4 Rd8 15. Be3 Nxe3 16. fxe3 e5 17. Nb3 Qb6 18. Qf3 Rb8 19. Qf2 Be6 20. e4 Qxf2+ 21. Kxf2 Be7 22. Rad1 Rdc8 23. Bf1 b5 24. Rd5 Bxd5 25. exd5 Bd6 26. Na5 Re8 27. Nc6 Rb7 28. b4 f5 29. a4 bxa4 30. Ra1 e4 31. Rxa4 f4 32. gxf4 Rf7 33. Bh3 Rxf4+ 34. Ke2 Ref8 35. Be6+ Kh8 36. Nd4 Rf1 37. Rxa7 Bxh2 38. Bf5 Rf4 39. Ra1 g6 40. Be6 Rh4 41. Rh1 Rh5 42. c4 Ra8 43. Nc2 Ra2 44. Kd1 e3 45. Bg4 Rg5 46. Bf3 Be5 47. Nxe3 Rg3 48. Rf1 Ra3 49. Ke2 Bf4 50. Nd1 Ra2+ 51. Kd3 Rd2+ 52. Ke4 Bc7 53. c5 Rg5 54. Ke3 Rgxd5 55. Bxd5 Rxd5 56. Nc3 Rd7 57. b5 Be5 58. c6 Rd8 59. Rd1 Rb8 60. Rd5 Bc7 61. Rd7 Ba5 62. Kd3 Bxc3 63. c7 1-0

[Event "NAYCC U18"]
[Site "Kingston CAN"]
[Date "2025.08.18"]
[Round "2.5"]
[White "Guillemette, Hugo"]
[Black "Martinez Flores, Matias"]
[Result "0-1"]
[WhiteElo "2193"]
[BlackElo "2060"]
[WhiteFideId "-1"]
[WhiteFideId "-1"]
[PlyCount "98"]
[GameId "2215235409624712"]
[EventDate "2025.08.18"]
[EventType "swiss"]
[EventRounds "9"]
[EventCountry "CAN"]

1. e4 c5 2. Nf3 d6 3. Bb5+ Nd7 4. d4 cxd4 5. Qxd4 a6 6. Bxd7+ Qxd7 7. Nc3 e5 8. Qd3 Qc6 9. Be3 Be6 10. Nd5 f5 11. c4 fxe4 12. Qxe4 Nf6 13. Nxf6+ gxf6 14. Qh4 Be7 15. Rc1 Rg8 16. Qxh7 Rxg2 17. Nh4 Rg4 18. f3 Kd7 19. Kf2 Rxc4 20. b3 Rc3 21. Rxc3 Qxc3 22. Rc1 Qa5 23. Ng6 Re8 24. Nxe7 Rxe7 25. Qc2 Kd8 26. Rd1 d5 27. Qg6 Rf7 28. Qg8+ Ke7 29. a4 d4 30. Bd2 Qb6 31. Rc1 Bd7 32. Rc4 Qxb3 33. Bb4+ Ke6 34. Qg4+ Kd5 35. Rc5+ Kd6 36. Rb5+ Qxb4 37. Rxb4 Bxg4 38. fxg4 Kd5 39. h4 Ke4 40. Kg3 Ke3 41. Rb1 d3 42. Re1+ Kd2 43. Rf1 Ke2 44. Rf2+ Ke1 45. Kf3 d2 46. Re2+ Kd1 47. Ke3 Rd7 48. g5 fxg5 49. hxg5 Kc1 0-1

[Event "NAYCC U18"]
[Site "Kingston CAN"]
[Date "2025.08.18"]
[Round "2.7"]
[White "Kot, Emanuel"]
[Black "Lu, Yiding"]
[Result "1-0"]
[WhiteElo "2166"]
[BlackElo "2042"]
[WhiteFideId "-1"]
[WhiteFideId "-1"]
[PlyCount "105"]
[GameId "2215259788975833"]
[EventDate "2025.08.18"]
[EventType "swiss"]
[EventRounds "9"]
[EventCountry "CAN"]

1. e4 c5 2. Nf3 Nc6 3. d4 cxd4 4. Nxd4 e5 5. Nb5 d6 6. c4 Be7 7. N1c3 a6 8. Na3 Be6 9. Nc2 Nf6 10. Bd3 Rc8 11. Bd2 O-O 12. O-O Nd4 13. Nxd4 exd4 14. Nd5 Nd7 15. b3 Re8 16. Nxe7+ Qxe7 17. Bc1 Ne5 18. Bb2 Nc6 19. Qd2 Bd7 20. Rfe1 Rb8 21. Rad1 Qh4 22. f3 b5 23. cxb5 axb5 24. Bb1 Re6 25. Qf2 Qf4 26. Bxd4 Nxd4 27. Rxd4 Rbe8 28. Qg3 Qh6 29. Red1 Rg6 30. Qf2 Bh3 31. g3 Rf6 32. f4 Bg4 33. Re1 g5 34. f5 Re5 35. Rd5 Qf8 36. Qd2 h6 37. Kg2 Bh5 38. h3 g4 39. h4 Qe7 40. Rf1 Kg7 41. Qd4 Qc7 42. Rd1 Qe7 43. a4 bxa4 44. bxa4 Kg8 45. Bd3 Rxd5 46. exd5 Qe5 47. Qxe5 dxe5 48. a5 Rd6 49. Bb5 f6 50. a6 Rd8 51. Bc6 Be8 52. Bb7 Ba4 53. Ra1 1-0

[Event "NAYCC U18"]
[Site "Kingston CAN"]
[Date "2025.08.18"]
[Round "2.8"]
[White "Guo, Ethan"]
[Black "Berube, Maximilien"]
[Result "1-0"]
[WhiteElo "2311"]
[BlackElo "1928"]
[WhiteFideId "-1"]
[WhiteFideId "-1"]
[PlyCount "99"]
[GameId "2215262989479652"]
[EventDate "2025.08.18"]
[EventType "swiss"]
[EventRounds "9"]
[EventCountry "CAN"]

1. e4 e5 2. Nf3 Nc6 3. Bc4 Nf6 4. d3 Bc5 5. O-O d6 6. c3 a5 7. Re1 O-O 8. h3 Ba7 9. Nbd2 Be6 10. Bb5 Ne7 11. d4 Ng6 12. Nf1 c6 13. Bd3 Re8 14. Ng3 Qc7 15. Bc2 d5 16. Nxe5 Nxe5 17. Bf4 Qb6 18. Bxe5 Nxe4 19. Nxe4 dxe4 20. Bxe4 Bb8 21. Qc2 h6 22. Bxb8 Raxb8 23. Re3 Re7 24. Rae1 Rbe8 25. Bf3 g6 26. Bg4 Kg7 27. Bxe6 Rxe6 28. Rxe6 Rxe6 29. Rxe6 fxe6 30. Qb3 Qa6 31. Qxe6 a4 32. d5 a3 33. Qe7+ Kg8 34. Qxa3 Qe2 35. Qa8+ Kg7 36. Qxb7+ Kh8 37. Qc8+ Kh7 38. Qc7+ Kh8 39. Qxc6 Qe1+ 40. Kh2 Qxf2 41. Qxg6 h5 42. Qxh5+ Kg8 43. Qg5+ Kh7 44. b4 Qxa2 45. Qe5 Qa8 46. d6 Qb8 47. b5 Kg6 48. c4 Kh6 49. Qd4 Kh5 50. b6 1-0

[Event "NAYCC U18"]
[Site "Kingston CAN"]
[Date "2025.08.18"]
[Round "2.9"]
[White "Mulay, Vivan Prakash"]
[Black "Shankar, Pranav"]
[Result "1-0"]
[WhiteElo "2029"]
[BlackElo "2028"]
[WhiteFideId "-1"]
[WhiteFideId "-1"]
[PlyCount "111"]
[GameId "2215429470875449"]
[EventDate "2025.08.18"]
[EventType "swiss"]
[EventRounds "9"]
[EventCountry "CAN"]

1. Nf3 Nf6 2. c4 e6 3. g3 d5 4. Bg2 Nbd7 5. O-O b6 6. Nc3 Bb7 7. b3 a6 8. Bb2 Bd6 9. Rc1 O-O 10. cxd5 exd5 11. Nh4 c5 12. Nf5 Bc7 13. d4 Rb8 14. dxc5 Nxc5 15. Nxd5 Nxd5 16. Bxd5 Bxd5 17. Qxd5 Re8 18. Qf3 Be5 19. Rfd1 Qf6 20. Rd6 Re6 21. Rxe6 Qxe6 22. Ba3 g6 23. Nh6+ Kg7 24. Ng4 Bd4 25. e3 h5 26. Qf4 hxg4 27. Qxd4+ Kh7 28. Bxc5 bxc5 29. Rxc5 Rb5 30. Rxb5 axb5 31. e4 Qa6 32. a4 bxa4 33. bxa4 Qe2 34. Qd5 Kg8 35. a5 Kg7 36. e5 Qa6 37. e6 fxe6 38. Qd4+ Kf7 39. Qb6 Qe2 40. Qb7+ Kf6 41. a6 e5 42. a7 e4 43. Qc6+ Ke7 44. Qc5+ Ke6 45. Qe3 Qd1+ 46. Kg2 Qd5 47. h4 gxh3+ 48. Kxh3 Kd7 49. Qa3 Qa8 50. Qa4+ Kc7 51. Qb4 Qd5 52. Qb8+ Kd7 53. Qf8 e3 54. a8=Q Qe6+ 55. Kh2 e2 56. Qfd8# 1-0

[Event "NAYCC U18"]
[Site "Kingston CAN"]
[Date "2025.08.18"]
[Round "2.10"]
[White "Yang, Jingyun (Ryan)"]
[Black "Chen, Max"]
[Result "1-0"]
[WhiteElo "2372"]
[BlackElo "2318"]
[WhiteFideId "-1"]
[WhiteFideId "-1"]
[PlyCount "77"]
[GameId "2215437344617648"]
[EventDate "2025.08.18"]
[EventType "swiss"]
[EventRounds "9"]
[EventCountry "CAN"]

1. e4 c6 2. d4 d5 3. exd5 cxd5 4. Nf3 Nc6 5. c3 Nf6 6. Ne5 e6 7. Bd3 Nxe5 8. dxe5 Nd7 9. Qe2 b6 10. Bb5 Qc7 11. O-O a6 12. Bxd7+ Bxd7 13. Re1 Qc4 14. Qf3 Rc8 15. Be3 Qd3 16. Nd2 d4 17. cxd4 Bc6 18. Qg3 Bd5 19. Rac1 Rc2 20. Nf1 Bxa2 21. Rxc2 Qxc2 22. Rc1 Qg6 23. Bg5 f6 24. exf6 gxf6 25. Rc8+ Kf7 26. Qc7+ Kg8 27. Qd8 Kf7 28. Rc7+ Kg8 29. Bxf6 Bd5 30. Rg7+ Qxg7 31. Bxg7 Kxg7 32. Ne3 Ba2 33. Ng4 e5 34. Qf6+ Kg8 35. dxe5 Bg7 36. Nh6+ Bxh6 37. Qxh6 Bb1 38. Qe6+ Kg7 39. Qf6+ 1-0